|
|
|
|
| LEADER |
01667nam a2200265 a 4500 |
| 001 |
4848080 |
| 008 |
091027s1989 bg a b 101 0 eng d |
| 010 |
|
|
|a 90906712
|
| 040 |
|
|
|a DLC
|c DLC
|d DLC
|
| 082 |
|
|
|a 338.195492
|2 20
|
| 245 |
0 |
0 |
|a Food strategies in Bangladesh :
|b medium and long term perspectives : proceedings of a seminar held in Dhaka, 8-10 October, 1988, and jointly sponsored by the Government of Bangladesh and the Commission of the European Communities.
|
| 260 |
|
|
|a Dhaka, Bangladesh :
|b Published on behalf of the Planning Commission, Govt. of Bangladesh by University Press,
|c c1989.
|
| 300 |
|
|
|a ix, 245 p. :
|b ill. ;
|c 25 cm.
|
| 500 |
|
|
|a "Papers ... first presented in the Bangladesh-EEC Seminar on "Food Strategies in Bangladesh--Medium and Long Term Perspectives"--P. vii.
|
| 504 |
|
|
|a Includes bibliographical references (p. 227-237) and index
|
| 541 |
1 |
|
|e 00003997
|
| 650 |
|
0 |
|a Food supply
|x Government policy
|z Bangladesh
|x Congresses.
|
| 650 |
|
0 |
|a Agriculture and state
|z Bangladesh
|x Congresses.
|
| 710 |
1 |
|
|a Bangladesh Planning Commission.
|
| 710 |
2 |
|
|a Commission of the European Communities.
|
| 711 |
2 |
|
|a Bangladesh-EEC Seminar on "Food Strategies in Bangladesh--Medium and Long Term Perspectives"
|d (1988 :
|c Dhaka, Bangladesh)
|
| 852 |
4 |
|
|a Ayesha Abed Library
|j General Shelf
|
| 999 |
|
|
|c 5389
|d 5389
|
| 952 |
|
|
|0 0
|1 0
|2 ddc
|4 0
|6 338_195492000000000_FOO_1989
|7 0
|9 5248
|a BRACUL
|b BRACUL
|c GEN
|d 2009-11-10
|g 425.00
|l 0
|o 338.195492 FOO
|p 3010003997
|r 2009-11-10
|t 1
|w 2009-11-10
|y BK
|
| 952 |
|
|
|0 0
|1 0
|2 ddc
|4 0
|6 338_195492000000000_FOO
|7 0
|9 55751
|a SCL
|b SCL
|c GEN
|d 2015-09-07
|g 425.00
|l 1
|o 338.195492 FOO
|p 3020000626
|r 2022-06-19
|s 2022-06-15
|t 2
|w 2015-09-07
|y BK
|